MARC details
| 000 -LEADER |
| campo de control de longitud fija |
01926nam a2200397 i 4500 |
| 001 - NÚMERO DE CONTROL |
| campo de control |
196270 |
| 003 - IDENTIFICADOR DE NÚMERO DE CONTROL |
| campo de control |
ES-MaACL |
| 005 - FECHA Y HORA DE LA ÚLTIMA TRANSACCIÓN |
| campo de control |
20250720091911.0 |
| 008 - DATOS DE LONGITUD FIJA--INFORMACIÓN GENERAL |
| campo de control de longitud fija |
240823s2020 sp | |||| 000 p spa |
| 015 ## - NÚMERO DE BIBLIOGRAFÍA NACIONAL |
| Número de bibliografía nacional |
MON22 |
| 017 ## - NÚMERO DE COPYRIGHT O DE DEPÓSITO LEGAL |
| Número de copyright o de depósito legal |
M 7059-2020 |
| Agencia que asigna |
Oficina Depósito Legal Madrid |
| 020 ## - NÚMERO INTERNACIONAL ESTÁNDAR DEL LIBRO |
| Número Internacional Estándar del Libro |
9788412165326 |
| 035 ## - NÚMERO DE CONTROL DEL SISTEMA |
| Número de control de sistema |
(SpMaBN)a7075275 |
| 035 ## - NÚMERO DE CONTROL DEL SISTEMA |
| Número de control de sistema |
991041465289708606 |
| 040 ## - FUENTE DE CATALOGACIÓN |
| Centro catalogador/agencia de origen |
SpMaBN |
| Lengua de catalogación |
spa |
| Centro/agencia transcriptor |
SpMaBN |
| Normas de descripción |
rda |
| Centro/agencia modificador |
ES-MaACL |
| 080 ## - NÚMERO DE LA CLASIFICACIÓN DECIMAL UNIVERSAL |
| Número de la Clasificación Decimal Universal |
821.134.2-14"19" |
| 100 1# - ENTRADA PRINCIPAL--NOMBRE DE PERSONA |
| Nombre de persona |
Lucía Megías, José Manuel, |
| Fechas asociadas al nombre |
1967- |
| Término indicativo de función/relación |
Autor |
| 9 (RLIN) |
240291 |
| 245 10 - MENCIÓN DEL TÍTULO |
| Título |
Aquí y ahora / |
| Mención de responsabilidad, etc. |
José Manuel Lucía Megías. |
| 250 ## - MENCION DE EDICION |
| Mención de edición |
Primera edición: 2020 |
| 264 #1 - PRODUCCIÓN, PUBLICACIÓN, DISTRIBUCIÓN, FABRICACIÓN Y COPYRIGHT |
| Producción, publicación, distribución, fabricación y copyright |
Madrid (España) : |
| Nombre del de productor, editor, distribuidor, fabricante |
Huerga y Fierro Editores, |
| Fecha de producción, publicación, distribución, fabricación o copyright |
[2020]. |
| 264 #4 - PRODUCCIÓN, PUBLICACIÓN, DISTRIBUCIÓN, FABRICACIÓN Y COPYRIGHT |
| Fecha de producción, publicación, distribución, fabricación o copyright |
©2020 |
| 300 ## - DESCRIPCIÓN FÍSICA |
| Extensión |
62 páginas : |
| Dimensiones |
23 cm. |
| 336 ## - TIPO DE CONTENIDO |
| Término de tipo de contenido |
Texto |
| Fuente |
rdacontent |
| 337 ## - TIPO DE MEDIO |
| Nombre/término del tipo de medio |
sin mediación |
| Fuente |
rdamedia |
| 338 ## - TIPO DE SOPORTE |
| Nombre/término del tipo de soporte |
volumen |
| Fuente |
rdacarrier |
| 490 1# - MENCIÓN DE SERIE |
| Mención de serie |
Rayo azul poesía ; |
| Designación de volumen o secuencia |
7 |
| 520 ## - RESUMEN, ETC. |
| Sumario, etc. |
Es un pluscuamperfecto poeta que nos ofrece en Aquí y ahora una poesía rica en la diversidad y en la diferencia: siempre o especialmente atenta a esas posibilidades expresivas que persigue todo creador en su quehacer literario. Aquí y ahora es poemario editado por el reconocido sello Huerga y Fierro, en la nueva colección Rayo azul, y en él el poeta plantea esa angustia vital del náufrago en el mar de la noche. Con la certeza de que es en las vidas más pobladas donde navegan los silencios con más calado. |
| 655 #7 - TERMINO DE INDIZACIÓN--GENERO/FORMA |
| Datos o término principal de género/forma |
Poemas en prosa |
| Fuente del término |
tgfbne |
| 9 (RLIN) |
226859 |
| 830 ## - PUNTO DE ACCESO ADICIONAL DE SERIE-TÍTULO UNIFORME |
| Título uniforme |
Rayo azul poesía ; |
| Designación de volumen o secuencia |
7 |
| 9 (RLIN) |
240352 |
| 852 ## - LOCALIZACIÓN |
| Ubicación |
ES-MaACL |
| Sublocalización o colección |
R.154501 |
| Ubicación en estantería |
Depósito J |
| Número de control de estantería |
N-9324 |
| Donativo/Legado |
Donación: José Manuel Lucía Megías |
| Encuadernación |
Encuadernación rústica con solapas |
| itemnumber |
205395 |
| 903 ## - NOMBRE PERSONAL DE DONANTE |
| a |
Lucía Megías, José Manuel, |
| d |
1967- |
| e |
Donante |
| 9 |
240291 |
| 942 ## - ELEMENTOS DE ENTRADA SECUNDARIOS (KOHA) |
| Tipo de ítem Koha |
Libro impreso |
| Suprimir en OPAC |
No |